| 000 | 01773nam a2200349 4500 | ||
|---|---|---|---|
| 003 | EG-GICUC | ||
| 005 | 20260409172451.0 | ||
| 008 | 260409s2001 ua ||||frv||| 000 0 ara d | ||
| 040 |
_a EG-GICUC _bara _c EG-GICUC _d EG-GICUC _erda |
||
| 041 | 0 | _aara | |
| 082 | 0 | 4 |
_221 _a343.3754 _bم ح . م |
| 092 | 0 | 4 | _221 |
| 099 | _aLaw1 10 343.3754 م ح . م 2001 | ||
| 100 | 0 |
_aمحمد على عبدالواحد. _eمؤلف. |
|
| 245 | 1 | 2 |
_aالمستحدث من المبادئ التي قررتها الدوائر الجنائية بمحكمة النقض من أول أكتوبر سنة 2000 إلي ديسمبر سنة 2001 / _cإعداد وإشراف المستشار محمد على عبدالواحد ؛ إعداد المستشار عبدالله لملوم عبدالرحمن، محمد عبدالحليم رضوان، أحمد أحمد محمد خليل، فتحي أحمد شعبان، محمد إبراهيم عبدالشافي. |
| 264 | 1 |
_a[غير محدد] : _bمحكمة النقض - المكتب الفني، _c2001. |
|
| 300 |
_a215 صفحة ؛ _c28 سم. |
||
| 336 |
_2rda content _atext |
||
| 337 |
_2rda media _aComputer |
||
| 338 |
_2rda carrier _aOnline Resource |
||
| 546 | _aالنص باللغة العربية | ||
| 650 | 1 |
_aالإجراءات أمام محكمة النقض. _2qrmak |
|
| 651 | 1 | _2qrmak | |
| 700 | 0 |
_aعبدالله لملوم عبدالرحمن _eمساهم |
|
| 700 | 0 |
_aأحمد أحمد محمد خليل _eمساهم |
|
| 700 | 0 |
_aفتحي أحمد شعبان _eمساهم |
|
| 700 | 0 |
_aمحمد عبدالحليم رضوان _eمساهم |
|
| 700 | 0 |
_aمحمد إبراهيم عبدالشافي _eمساهم |
|
| 856 | 4 | 0 | _uhttps://fll.law.cu.edu.eg/fulltext/bks/B10-09247.pdf |
| 905 | _a62 | ||
| 942 |
_2ddc _cBK _e21 _n0 |
||
| 999 |
_c69901 _d69901 |
||